[Event "21st Chicago Open"]
[Site "Wheeling USA"]
[Date "2012.05.24"]
[Round "1"]
[White "Ivanisevic, Ivan"]
[Black "Aliyev, Timur"]
[Result "1-0"]
[WhiteTitle "GM"]
[WhiteElo "2655"]
[BlackElo "2258"]
[WhiteFideId "912417"]
[BlackFideId "2804956"]
[EventDate "2012.05.24"]
[EventType "swiss"]

1. d4 Nf6 2. c4 g6 3. f3 c5 4. d5 d6 5. e4 Bg7 6. Ne2 O-O 7. Nec3 Nh5 8. g4 Nf6
9. h4 e6 10. h5 a6 11. a4 exd5 12. cxd5 Nbd7 13. Be2 Ne5 14. Be3 Rb8 15. Na3 Qe7
16. Kf2 Re8 17. h6 Bh8 18. g5 b5 19. axb5 axb5 20. Naxb5 Rxb5 21. Nxb5 Neg4+ 22.
fxg4 Nxe4+ 23. Kg2 Ng3 24. Re1 1-0

[Event "21st Chicago Open"]
[Site "Wheeling USA"]
[Date "2012.05.24"]
[Round "1"]
[White "Shetty, Atulya"]
[Black "Perelshteyn, Eugene"]
[Result "1/2-1/2"]
[BlackTitle "GM"]
[WhiteElo "2219"]
[BlackElo "2526"]
[WhiteFideId "2031213"]
[BlackFideId "2012529"]
[EventDate "2012.05.24"]
[EventType "swiss"]

1. c4 Nf6 2. g3 g6 3. Bg2 Bg7 4. Nc3 O-O 5. e4 d6 6. Nge2 c5 7. O-O Nc6 8. Rb1
Ne8 9. d3 Nc7 10. a3 a5 11. Nd5 e6 12. Nxc7 Qxc7 13. Nc3 Nd4 14. b4 axb4 15.
axb4 Nc6 16. Nb5 Qe7 17. bxc5 dxc5 18. Bb2 Bxb2 19. Rxb2 Rd8 20. Qb1 Bd7 21. Nc7
Rab8 22. Rxb7 Nb4 23. Ra7 Nc6 24. Rb7 Nb4 25. Ra7 Qd6 26. Qa1 Qxd3 27. Na6 Nxa6
28. Qxa6 Be8 29. Rc7 Qd4 30. Bf3 Qc3 31. Bg2 Qd4 32. Bf3 Qc3 33. Bg2 Qd4 1/2-1/2

[Event "21st Chicago Open"]
[Site "Wheeling USA"]
[Date "2012.05.24"]
[Round "1"]
[White "Ludwig, Daniel"]
[Black "Greanias, Steve"]
[Result "1-0"]
[WhiteTitle "IM"]
[WhiteElo "2456"]
[BlackElo "2155"]
[WhiteFideId "2024322"]
[BlackFideId "2006987"]
[EventDate "2012.05.24"]
[EventType "swiss"]

1. d4 Nf6 2. c4 g6 3. Nc3 d5 4. Bf4 Bg7 5. e3 O-O 6. Rc1 Be6 7. Qb3 c5 8. Nf3
Nc6 9. dxc5 dxc4 10. Qxb7 Rc8 11. Ng5 Bd5 12. e4 h6 13. exd5 hxg5 14. Bxg5 Nxd5
15. Bxc4 Nxc3 16. bxc3 Qa5 17. Qb5 Bxc3+ 18. Kf1 Qa3 19. Qb3 Bb4 20. Be3 Nd4 21.
Qxa3 Bxa3 22. Rc3 Bb2 23. Rd3 Nf5 24. Bd2 Rxc5 25. Bb3 Rfc8 26. g3 Nd4 27. Bd1
e5 28. f3 Bc3 29. Kf2 Bxd2 30. Rxd2 Rc1 31. Re1 f6 32. f4 R8c5 33. fxe5 fxe5 34.
h4 Kg7 35. g4 Ra1 36. Re3 Rcc1 37. Red3 Rc5 38. Ke3 Kf6 39. Ra3 a5 40. Rad3 Rc4
41. Rb2 Rb4 42. Rxb4 axb4 43. Rd2 Rc1 44. Ke4 Nb5 45. g5+ Ke7 46. Kxe5 Nc3 47.
Bb3 Re1+ 48. Kf4 Re4+ 49. Kg3 Re3+ 50. Kg2 Re4 51. Rf2 Rxh4 52. Rf7+ Kd6 53.
Rf6+ Ke5 54. Rxg6 Rd4 55. Kf3 Rd2 56. Ra6 Kf5 57. g6 Rd3+ 58. Kg2 Kf4 59. Rf6+ 1-0

[Event "21st Chicago Open"]
[Site "Wheeling USA"]
[Date "2012.05.24"]
[Round "1"]
[White "Bartholomew, John"]
[Black "Schmakel, Sam A"]
[Result "1-0"]
[WhiteTitle "IM"]
[WhiteElo "2445"]
[BlackElo "2127"]
[WhiteFideId "2019353"]
[BlackFideId "2039311"]
[EventDate "2012.05.24"]
[EventType "swiss"]

1. d4 Nf6 2. c4 g6 3. Nc3 d5 4. cxd5 Nxd5 5. Bd2 Bg7 6. Nf3 O-O 7. Rc1 Nxc3 8.
Bxc3 c5 9. dxc5 Bxc3+ 10. Rxc3 Qxd1+ 11. Kxd1 Be6 12. a3 Rc8 13. Nd4 Bd5 14. f3
e5 15. Nc2 Nd7 16. e4 Be6 17. b4 Rc7 18. Kc1 Rac8 19. Bb5 Nb8 20. Ne3 b6 21. Kb2
a6 22. Ba4 bxc5 23. Rhc1 c4 24. Bb3 a5 25. Bxc4 axb4 26. axb4 Rb7 27. Bxe6 Rxc3
28. Bxf7+ Kxf7 29. Kxc3 Nc6 30. Nd5 Nd4 31. Kd3 Ne6 32. Rc6 Ra7 33. b5 Ra3+ 34.
Kc4 Ra4+ 35. Nb4 Ra1 36. b6 Nd8 37. Rc7+ Ke6 38. b7 Rc1+ 39. Kd3 1-0

[Event "21st Chicago Open"]
[Site "Wheeling USA"]
[Date "2012.05.24"]
[Round "1"]
[White "Lee, Kai Jie Edward"]
[Black "Mulyar, Michael A."]
[Result "1/2-1/2"]
[BlackTitle "IM"]
[WhiteElo "2102"]
[BlackElo "2408"]
[WhiteFideId "5802920"]
[BlackFideId "2008742"]
[EventDate "2012.05.24"]
[EventType "swiss"]

1. e4 e5 2. Nf3 Nc6 3. Bb5 a6 4. Ba4 Nf6 5. O-O b5 6. Bb3 Bc5 7. d3 h6 8. c3 d6
9. h3 O-O 10. Re1 Re8 11. Nbd2 Be6 12. Nf1 d5 13. d4 dxe4 14. Nxe5 Nxe5 15. dxe5
Qxd1 16. Bxd1 Nd7 17. Rxe4 Bd5 18. Re1 Nxe5 19. Be3 Nd3 20. Re2 Bxe3 21. Nxe3
Nf4 22. Rd2 Rad8 23. Bg4 Be6 24. Rad1 Rxd2 25. Rxd2 Bxa2 26. Rd7 Ne6 27. Bxe6
Rxe6 28. Rxc7 Rd6 29. b4 Kh7 30. Rc5 Bb1 31. Kf1 Kg6 32. Ke1 f5 33. g3 Be4 34.
f3 Bxf3 35. Nxf5 Re6+ 36. Kf2 Be4 37. Nd4 Rf6+ 38. Ke3 Bg2 39. h4 Kh7 40. g4 Rf1
41. Rc7 Rf6 42. g5 hxg5 43. hxg5 Rb6 44. Kf4 Rb7 45. Rc5 Kg6 46. Kg3 Bh1 47. Ne6
Re7 48. Nf4+ Kf7 49. Kg4 1/2-1/2

[Event "21st Chicago Open"]
[Site "Wheeling USA"]
[Date "2012.05.24"]
[Round "1"]
[White "Gulamali, Kazim"]
[Black "Smail, Benedict A"]
[Result "1-0"]
[WhiteTitle "FM"]
[WhiteElo "2346"]
[BlackElo "2030"]
[WhiteFideId "2024764"]
[BlackFideId "2050480"]
[EventDate "2012.05.24"]
[EventType "swiss"]

1. e4 c5 2. Nf3 Nc6 3. d4 cxd4 4. Nxd4 Nf6 5. Nc3 d6 6. Bc4 Qb6 7. Nb3 e6 8. Qe2
Be7 9. g4 Nd7 10. Be3 Qc7 11. f4 a6 12. a4 Bh4+ 13. Bf2 Bxf2+ 14. Qxf2 Nb4 15.
Bf1 O-O 16. O-O-O Nc5 17. Kb1 Nxb3 18. cxb3 Rd8 19. f5 b6 20. Bc4 Qc5 21. Qh4
Bd7 22. Qe7 Nc6 23. Qxd6 Qxd6 24. Rxd6 exf5 25. Rhd1 Be8 26. gxf5 Kf8 27. Rxd8
Nxd8 28. Bxa6 Rxa6 29. Rxd8 Ke7 30. Rb8 Bc6 31. Ka2 Kf6 32. Ka3 Ke5 33. b4 Ra8
34. Rxb6 Bxe4 35. Nxe4 Kxe4 36. f6 gxf6 37. Rxf6 Ra7 38. b5 Ke5 39. Rf1 f5 40.
Kb4 Kd6 41. Rxf5 Rg7 42. Rf6+ Kc7 43. Rh6 Kb7 44. h3 Rf7 45. Rh4 Ka7 46. a5 Kb7
47. Rh5 Ka7 48. Kc5 Kb7 49. a6+ Ka7 50. Kb4 Kb6 51. Rh6+ Ka7 52. Ka5 Kb8 53. b4
Re7 54. Rf6 Re8 55. Rf7 Rh8 56. b6 1-0

[Event "21st Chicago Open"]
[Site "Wheeling USA"]
[Date "2012.05.24"]
[Round "1"]
[White "Plotkin, Victor"]
[Black "Gelashvili, Tamaz"]
[Result "0-1"]
[WhiteTitle "FM"]
[BlackTitle "GM"]
[WhiteElo "2243"]
[BlackElo "2600"]
[WhiteFideId "2606674"]
[BlackFideId "13600702"]
[EventDate "2012.05.24"]
[EventType "swiss"]

1. e4 e5 2. Nf3 d6 3. d4 exd4 4. Nxd4 Nf6 5. Nc3 Be7 6. g3 O-O 7. Bg2 c6 8. O-O
Re8 9. h3 Bf8 10. Kh2 Nbd7 11. b3 Nc5 12. Re1 a5 13. a4 g6 14. Bb2 Bg7 15. Qd2
Qb6 16. Rad1 Bd7 17. f4 Rad8 18. Re2 Bc8 19. Qe1 Re7 20. Qf2 Rde8 21. Ba3 Ncxe4
22. Qe1 Nxc3 23. Rxe7 Rxe7 24. Qxc3 c5 25. Qc4 Bg4 26. Nf3 Be6 27. Qd3 d5 28.
Ne5 Qc7 29. Qb5 b6 30. Bb2 h5 31. Nc6 Rd7 32. Be5 Qb7 33. Nb8 Rc7 34. Bxc7 Qxc7
35. Na6 Qa7 36. Re1 Bd7 37. Re7 Bf8 38. Rxd7 Nxd7 39. Bxd5 Nf6 40. Bf3 Kg7 41.
c3 h4 42. gxh4 Bd6 43. Kg2 Bxf4 44. b4 cxb4 45. cxb4 Qe7 46. Qxb6 axb4 47. Qxb4
Qe3 48. Qc4 Bd6 49. h5 Nxh5 50. Bxh5 Qg3+ 51. Kf1 Qxh3+ 52. Ke1 Qxh5 53. Qb5 Qh2
54. Kd1 Qf4 55. a5 g5 56. Ke2 g4 57. Qd5 Kg6 58. Qd3+ f5 59. Qb3 Qe4+ 60. Kf1
Qh1+ 61. Ke2 Qg2+ 0-1

[Event "21st Chicago Open"]
[Site "Wheeling USA"]
[Date "2012.05.24"]
[Round "1"]
[White "Kacheishvili, Giorgi"]
[Black "Melekhina, Alisa"]
[Result "1-0"]
[WhiteTitle "GM"]
[BlackTitle "FM"]
[WhiteElo "2598"]
[BlackElo "2242"]
[WhiteFideId "13600613"]
[BlackFideId "2022613"]
[EventDate "2012.05.24"]
[EventType "swiss"]

1. g3 g6 2. Bg2 Bg7 3. d4 d6 4. Nc3 e5 5. dxe5 dxe5 6. Qxd8+ Kxd8 7. b3 Nc6 8.
Bb2 Bg4 9. O-O-O+ Kc8 10. h3 Bf5 11. g4 Be6 12. Ne4 Nge7 13. Nc5 Rd8 14. Nxe6
Rxd1+ 15. Kxd1 fxe6 16. Nf3 Kd7 17. e3 Rf8 18. Ke2 h6 19. Rd1+ Ke8 20. g5 h5 21.
Nh4 Rg8 22. Be4 Bh8 23. Nf3 Rf8 24. Ba3 Rg8 25. Bxe7 Kxe7 26. Nh4 Nd8 27. Nxg6+
Ke8 28. Bf3 Nf7 29. Bxh5 Bg7 30. h4 e4 31. Nf4 Be5 32. Nxe6 Rh8 33. Rd8+ Ke7 34.
Rxh8 Nxh8 35. Nc5 1-0

[Event "21st Chicago Open"]
[Site "Wheeling USA"]
[Date "2012.05.25"]
[Round "2"]
[White "Sargissian, Gabriel"]
[Black "Bartholomew, John"]
[Result "1-0"]
[WhiteTitle "GM"]
[BlackTitle "IM"]
[WhiteElo "2679"]
[BlackElo "2445"]
[WhiteFideId "13300881"]
[BlackFideId "2019353"]
[EventDate "2012.05.24"]
[EventType "swiss"]

1. d4 Nf6 2. Nf3 c5 3. d5 b5 4. Bg5 Ne4 5. Bh4 Bb7 6. a4 a6 7. Qd3 f5 8. Nbd2
Qa5 9. c3 e6 10. Nxe4 fxe4 11. Qxe4 Bxd5 12. Qf4 Bxf3 13. Qxf3 Nc6 14. g3 Be7
15. Bxe7 Kxe7 16. Qg4 g6 17. Bg2 b4 18. Bxc6 dxc6 19. O-O bxc3 20. Qh4+ Kf7 21.
Qf4+ Kg7 22. Qe5+ Kh6 23. bxc3 Rhf8 24. Rfd1 Rad8 25. Rab1 Qxa4 26. Rxd8 Rxd8
27. Qe3+ Kg7 28. Rb7+ Kf6 29. Rxh7 Rd5 30. f4 Qd1+ 31. Kf2 Qd2 32. Ra7 c4 33.
Rxa6 Qd1 34. Rxc6 Qh1 35. Qxe6+ 1-0

[Event "21st Chicago Open"]
[Site "Wheeling USA"]
[Date "2012.05.25"]
[Round "2"]
[White "Hess, Robert L"]
[Black "Sarkar, Justin"]
[Result "1-0"]
[WhiteTitle "GM"]
[BlackTitle "IM"]
[WhiteElo "2635"]
[BlackElo "2411"]
[WhiteFideId "2022036"]
[BlackFideId "2010011"]
[EventDate "2012.05.24"]
[EventType "swiss"]

1. c4 e5 2. g3 c6 3. Bg2 Nf6 4. d3 d5 5. cxd5 cxd5 6. Bg5 Be7 7. Nc3 d4 8. Bxf6
Bxf6 9. Nd5 O-O 10. Nxf6+ Qxf6 11. Rc1 Qb6 12. Nf3 Be6 13. O-O Nd7 14. Ng5 Bxa2
15. Qa4 h6 16. Qxd7 hxg5 17. Qxb7 Rab8 18. Qe7 f6 19. Rc2 Rf7 20. Qa3 Bb3 21.
Rc6 Qb4 22. Be4 Qxa3 23. bxa3 a5 24. Rb1 Kf8 25. Ra6 Rc7 26. Rxa5 Ke7 27. a4 Rb4
28. Rb5 Rxb5 29. axb5 Be6 30. b6 Rc8 31. f4 gxf4 32. gxf4 exf4 33. b7 Rb8 34.
Rb4 f5 35. Bg2 g5 36. Rxd4 1-0

[Event "21st Chicago Open"]
[Site "Wheeling USA"]
[Date "2012.05.25"]
[Round "2"]
[White "Gelashvili, Tamaz"]
[Black "Rensch, Daniel"]
[Result "1-0"]
[WhiteTitle "GM"]
[BlackTitle "IM"]
[WhiteElo "2600"]
[BlackElo "2396"]
[WhiteFideId "13600702"]
[BlackFideId "2017202"]
[EventDate "2012.05.24"]
[EventType "swiss"]

1. d4 Nf6 2. Nf3 c5 3. e3 b6 4. c4 e6 5. Bd3 Bb7 6. O-O Be7 7. Nc3 O-O 8. d5 b5
9. dxe6 fxe6 10. Nxb5 Na6 11. Nc3 Qc7 12. h3 Rad8 13. e4 Nh5 14. Ne2 Nb4 15. a3
d5 16. exd5 Nxd3 17. Qxd3 exd5 18. Nc3 d4 19. Ne4 Qc6 20. Re1 Bd6 21. Neg5 g6
22. Bd2 Rf5 23. b4 cxb4 24. Ne6 Rd7 25. axb4 Bb8 26. Nexd4 Rxf3 27. gxf3 Qd6 28.
Re8+ Kf7 29. Rxb8 Qxb8 30. c5 Nf4 31. Qb3+ Bd5 32. Bxf4 Qxf4 33. Qe3 Qf6 34. Re1
Kg7 35. b5 Bc4 36. c6 Rxd4 37. c7 Be6 38. Qxe6 Qxe6 39. Rxe6 Rc4 40. Rc6 1-0

[Event "21st Chicago Open"]
[Site "Wheeling USA"]
[Date "2012.05.25"]
[Round "2"]
[White "Pruess, David"]
[Black "Ramirez, Alejandro"]
[Result "0-1"]
[WhiteTitle "IM"]
[BlackTitle "GM"]
[WhiteElo "2390"]
[BlackElo "2593"]
[WhiteFideId "2014254"]
[BlackFideId "6500617"]
[EventDate "2012.05.24"]
[EventType "swiss"]

1. e4 c5 2. Nf3 e6 3. d4 cxd4 4. Nxd4 a6 5. Nc3 Qc7 6. Bd3 Nf6 7. O-O Bc5 8. Nb3
Be7 9. f4 d6 10. Qf3 Nbd7 11. Be3 b5 12. a4 b4 13. Nb1 Bb7 14. N1d2 O-O 15. g4
d5 16. e5 d4 17. Qh3 dxe3 18. exf6 Nxf6 19. g5 Nh5 20. Qxe3 Bd6 21. Ne4 Bxf4 22.
Qh3 g6 23. Nbc5 Bxe4 24. Nxe4 Bxg5 25. Nxg5 Qc5+ 26. Kh1 Qxg5 27. Qf3 a5 28.
Rae1 Rad8 29. Re4 Qc5 30. Rc4 Qe5 31. Qb7 Nf6 32. Qc7 Ng4 33. Rc5 Rd5 34. Qxe5
Nxe5 35. Rxd5 exd5 36. Rf6 Rc8 37. Rd6 Rc5 38. Kg2 b3 0-1

[Event "21st Chicago Open"]
[Site "Wheeling USA"]
[Date "2012.05.25"]
[Round "2"]
[White "Shabalov, Alexander"]
[Black "Korley, Kassa"]
[Result "1-0"]
[WhiteTitle "GM"]
[BlackTitle "FM"]
[WhiteElo "2534"]
[BlackElo "2334"]
[WhiteFideId "2008572"]
[BlackFideId "2033801"]
[EventDate "2012.05.24"]
[EventType "swiss"]

1. c4 e6 2. d4 Nf6 3. Nc3 Bb4 4. e3 O-O 5. Bd3 c5 6. Nf3 Nc6 7. O-O Bxc3 8. bxc3
d6 9. e4 e5 10. d5 Ne7 11. Nh4 Ng6 12. Nf5 Bxf5 13. exf5 Nf4 14. Bc2 Qa5 15. Bd2
g5 16. g3 Nh3+ 17. Kg2 g4 18. Qe2 e4 19. Qe3 Rae8 20. Qh6 Qd8 21. Rae1 Re5 22.
Bd1 Rxf5 23. Bxg4 Nxg4 24. Qxh3 h5 25. Rxe4 Qf6 26. f3 Qg6 27. Qh4 Re5 28. Rfe1
Rfe8 29. Rxe5 Rxe5 30. fxg4 Qc2 31. Rxe5 Qxd2+ 32. Kh3 dxe5 33. gxh5 Qxa2 34.
Qg5+ Kf8 35. h6 Qc2 36. Qd8# 1-0

[Event "21st Chicago Open"]
[Site "Wheeling USA"]
[Date "2012.05.25"]
[Round "2"]
[White "Mitkov, Nikola"]
[Black "Adamson, Robby"]
[Result "1-0"]
[WhiteTitle "GM"]
[BlackTitle "FM"]
[WhiteElo "2518"]
[BlackElo "2322"]
[WhiteFideId "15000290"]
[BlackFideId "2009730"]
[EventDate "2012.05.24"]
[EventType "swiss"]

1. e4 c6 2. Nc3 d5 3. Nf3 Bg4 4. h3 Bxf3 5. Qxf3 Nf6 6. Be2 Nxe4 7. Nxe4 dxe4 8.
Qxe4 Qd5 9. Qg4 Nd7 10. O-O Nf6 11. Qg3 e6 12. Bf3 Qd6 13. Qxd6 Bxd6 14. b4 a6
15. a3 Ke7 16. Rb1 Rac8 17. Re1 g5 18. d3 Rhg8 19. Bb2 Nd5 20. g3 f5 21. Re2 Rg6
22. c4 Nf6 23. Rbe1 Nd7 24. Bh5 Rh6 25. Bg7 Rxh5 26. Rxe6+ Kf7 27. Rxd6 Nb6 28.
Bd4 1-0

[Event "21st Chicago Open"]
[Site "Wheeling USA"]
[Date "2012.05.25"]
[Round "2"]
[White "Holt, Conrad"]
[Black "Homa, Seth"]
[Result "1/2-1/2"]
[WhiteTitle "IM"]
[BlackTitle "FM"]
[WhiteElo "2515"]
[BlackElo "2303"]
[WhiteFideId "2034387"]
[BlackFideId "2031779"]
[EventDate "2012.05.24"]
[EventType "swiss"]

1. d4 Nf6 2. c4 e6 3. Nc3 Bb4 4. Qc2 d5 5. cxd5 exd5 6. Bg5 c5 7. dxc5 h6 8. Bh4
g5 9. Bg3 Ne4 10. e3 Qa5 11. Ne2 Bf5 12. Bxb8 Rxb8 13. Nd4 Bd7 14. Bd3 Ba4 15.
Nb3 Bxc3+ 16. bxc3 Qxc3+ 17. Qxc3 Nxc3 18. Kd2 Ne4+ 19. Bxe4 dxe4 20. Nd4 Bd7
21. a4 Ke7 22. a5 Rbc8 23. Rhc1 a6 24. Rc4 Rc7 25. Kc3 Rhc8 26. Kb4 h5 27. Rac1
h4 28. Ne2 Bc6 29. Nc3 f5 30. Rd1 Rd8 31. Rcd4 Rcd7 32. Kc4 Ke6 33. Rxd7 Rxd7
34. Rxd7 Kxd7 35. Kd4 Ke6 36. g4 Kf6 37. Nd5+ Ke6 38. Nc3 Kf6 39. Nd5+ Ke6 40.
gxf5+ Kxf5 41. Ne7+ Kg4 42. Nxc6 bxc6 43. Kxe4 Kh3 44. f4 g4 45. f5 Kxh2 46. f6
g3 47. f7 g2 48. f8=Q g1=Q 49. Qd6+ Qg3 50. Kf5 h3 51. Ke6 Kg2 52. Qxc6+ Qf3 53.
Qxf3+ Kxf3 54. c6 h2 55. c7 h1=Q 56. Kd7 Qh3+ 57. Kd8 Qh8+ 58. Kd7 Qh7+ 59. Kc8
Kxe3 60. Kb8 Qb1+ 61. Ka7 Qc2 62. Kb7 Qe4+ 63. Kb8 Qb4+ 64. Ka7 Qc5+ 65. Kb7
Qd5+ 66. Ka7 Qc6 67. Kb8 Qb5+ 68. Ka7 Qc5+ 69. Kb7 Qxa5 70. c8=Q Qb5+ 71. Ka7 a5
72. Qc3+ Ke4 73. Qe1+ Kd5 74. Qd2+ Kc6 75. Qh6+ Kc7 76. Qf4+ Kd8 77. Qf6+ Kd7
78. Qf7+ Kc8 79. Qf8+ Kc7 80. Qf4+ Kc6 81. Qf6+ Kc5 82. Qe5+ Kc4 83. Qe2+ Kb4
84. Qb2+ Kc5 85. Qe5+ Kc6 86. Qe8+ Kc5 87. Qe5+ 1/2-1/2

[Event "21st Chicago Open"]
[Site "Wheeling USA"]
[Date "2012.05.25"]
[Round "2"]
[White "Mulyar, Michael A."]
[Black "Iwu, Okechukwu N"]
[Result "1-0"]
[WhiteTitle "IM"]
[WhiteElo "2408"]
[BlackElo "2161"]
[WhiteFideId "2008742"]
[BlackFideId "2020718"]
[EventDate "2012.05.24"]
[EventType "swiss"]

1. c4 e5 2. g3 Nf6 3. Bg2 Nc6 4. Nc3 Bc5 5. d3 h6 6. Nf3 d6 7. O-O a6 8. a3 O-O
9. b4 Ba7 10. Bb2 Nd4 11. Nxd4 Bxd4 12. e3 Ba7 13. d4 exd4 14. exd4 Re8 15. Qd3
c6 16. Rfe1 Rxe1+ 17. Rxe1 d5 18. cxd5 Bd7 19. dxc6 bxc6 20. Ne4 Nd5 21. Nc5 Bc8
22. Qe4 Bxc5 23. dxc5 Be6 24. f4 Qd7 25. Qe5 Nf6 26. Qd6 Qxd6 27. cxd6 Nd5 28.
Bd4 g6 29. Rc1 a5 30. b5 cxb5 31. d7 Kf8 32. Bxd5 Bxd5 33. Bf6 1-0

[Event "21st Chicago Open"]
[Site "Wheeling USA"]
[Date "2012.05.25"]
[Round "2"]
[White "Wu, Christopher"]
[Black "Ludwig, Daniel"]
[Result "0-1"]
[BlackTitle "IM"]
[WhiteElo "2204"]
[BlackElo "2456"]
[WhiteFideId "2040875"]
[BlackFideId "2024322"]
[EventDate "2012.05.24"]
[EventType "swiss"]

1. e4 c5 2. Nf3 d6 3. d4 cxd4 4. Nxd4 Nf6 5. Nc3 a6 6. g3 e5 7. Nb3 Be7 8. Bg2
O-O 9. O-O b5 10. a4 b4 11. Nd5 Nxd5 12. Qxd5 Ra7 13. Be3 Be6 14. Qd3 Rb7 15.
Rfc1 Qc7 16. Nd2 a5 17. f4 exf4 18. gxf4 Nd7 19. Bd4 f6 20. f5 Bf7 21. e5 Nxe5
22. Bxe5 dxe5 23. Bxb7 Qxb7 24. h3 Rd8 25. Qe2 Bh5 26. Qc4+ Kf8 27. Nf1 Rd4 28.
Qb3 Bc5 29. Kh2 Rf4 30. Ne3 Rf2+ 31. Kg1 Bxe3 0-1

[Event "21st Chicago Open"]
[Site "Wheeling USA"]
[Date "2012.05.25"]
[Round "2"]
[White "Yang, Darwin"]
[Black "Magness, Trevor S"]
[Result "1-0"]
[WhiteTitle "IM"]
[WhiteElo "2476"]
[BlackElo "2163"]
[WhiteFideId "2029111"]
[BlackFideId "2005255"]
[EventDate "2012.05.24"]
[EventType "swiss"]

1. d4 Nf6 2. c4 e6 3. Nc3 Bb4 4. e3 O-O 5. Ne2 d5 6. a3 Be7 7. cxd5 exd5 8. Nf4
c6 9. Bd3 Nbd7 10. O-O Re8 11. f3 Nf8 12. Bc2 Ne6 13. Nxe6 Bxe6 14. b4 a5 15.
Rb1 axb4 16. axb4 b6 17. e4 c5 18. e5 Nd7 19. f4 cxb4 20. f5 bxc3 21. fxe6 fxe6
22. Qh5 Nf8 23. Rxf8+ Kxf8 24. Bh6 Bf6 25. Rf1 Ke7 26. Bxg7 Kd7 27. exf6 Ra2 28.
Qxh7 Kc6 29. f7 1-0

[Event "21st Chicago Open"]
[Site "Wheeling USA"]
[Date "2012.05.25"]
[Round "3"]
[White "Mikhalevski, Victor"]
[Black "Sargissian, Gabriel"]
[Result "1/2-1/2"]
[WhiteTitle "GM"]
[BlackTitle "GM"]
[WhiteElo "2519"]
[BlackElo "2679"]
[WhiteFideId "2801914"]
[BlackFideId "13300881"]
[EventDate "2012.05.24"]
[EventType "swiss"]

1. c4 e5 2. g3 Nf6 3. Bg2 Nc6 4. Nc3 Bc5 5. Nf3 d6 6. d3 h6 7. a3 a6 8. b4 Ba7
9. e3 O-O 10. O-O Rb8 11. Nd2 Bf5 12. Qc2 Qd7 13. Bb2 Bh3 14. Rac1 Ne7 15. Rfe1
Bxg2 16. Kxg2 Nh7 17. Qd1 f5 18. f4 Nf6 19. Nf3 Ng6 20. d4 Qf7 21. dxe5 dxe5 22.
Nd5 Nxd5 23. Qxd5 e4 24. Nd4 Bxd4 25. Bxd4 Rfd8 26. Qxf7+ Kxf7 27. Red1 Rd7 28.
Kf2 Rbd8 29. Ke2 Nf8 30. Be5 Ne6 31. Rxd7+ Rxd7 32. Rd1 Rxd1 33. Kxd1 b5 34. Kc2
c6 35. Kc3 g5 36. fxg5 Nxg5 37. Bf4 Nf3 38. Bxh6 Nxh2 39. Kd4 Ke6 40. Kc5 Kd7
41. Bg5 Nf3 42. Bf4 Nd2 43. cxb5 axb5 44. Kd4 Nf3+ 45. Kc5 Ne1 46. Kd4 Nf3+ 47.
Kc5 Nh2 48. Kd4 Ng4 49. Kc5 Nf2 50. Kd4 Nd3 51. g4 Nxf4 52. exf4 fxg4 53. Kxe4
Ke6 54. f5+ Kf6 55. Kf4 1/2-1/2

[Event "21st Chicago Open"]
[Site "Wheeling USA"]
[Date "2012.05.25"]
[Round "3"]
[White "Friedel, Joshua E"]
[Black "Hess, Robert L"]
[Result "0-1"]
[WhiteTitle "GM"]
[BlackTitle "GM"]
[WhiteElo "2499"]
[BlackElo "2635"]
[WhiteFideId "2017199"]
[BlackFideId "2022036"]
[EventDate "2012.05.24"]
[EventType "swiss"]

1. e4 e5 2. Nf3 Nc6 3. Bb5 Nf6 4. d3 d6 5. O-O Bd7 6. c3 Be7 7. Re1 O-O 8. Ba4
Re8 9. Nbd2 Bf8 10. Nf1 h6 11. Ng3 Ne7 12. Bb3 Ng6 13. h3 c5 14. d4 Qc7 15. d5
b5 16. Bc2 Reb8 17. a4 c4 18. Nh2 b4 19. Qf3 Nh4 20. Qe2 b3 21. Bd1 Rb6 22. Be3
Ng6 23. Bxb6 axb6 24. Qe3 b5 25. a5 Rxa5 26. Rxa5 Qxa5 27. Be2 Nf4 28. Bf1 Bc8
29. Rb1 Nd7 30. Qc1 Nc5 31. Ra1 Qb6 32. Qe3 Be7 33. Nf3 Bd8 34. Kh2 Kh7 35. Be2
Bd7 36. Bf1 Na4 37. Qd2 Qc5 38. Rd1 Ba5 39. Rc1 Bb6 40. Nh1 Qc8 41. Ng3 Qc5 42.
Kg1 Ba5 43. Kh2 Qb6 44. Rb1 Qa7 45. Ra1 Bb6 46. Kg1 Qc7 47. Kh2 Nc5 48. Ne1 Qd8
49. Qd1 Na4 50. Qd2 Qf6 51. Rxa4 bxa4 52. Bxc4 h5 53. Nf1 Qg6 54. g3 Nxh3 0-1

[Event "21st Chicago Open"]
[Site "Wheeling USA"]
[Date "2012.05.25"]
[Round "3"]
[White "Kacheishvili, Giorgi"]
[Black "Shabalov, Alexander"]
[Result "1/2-1/2"]
[WhiteTitle "GM"]
[BlackTitle "GM"]
[WhiteElo "2598"]
[BlackElo "2534"]
[WhiteFideId "13600613"]
[BlackFideId "2008572"]
[EventDate "2012.05.24"]
[EventType "swiss"]

1. d4 d5 2. c4 c6 3. Nf3 Nf6 4. Nc3 e6 5. cxd5 cxd5 6. Bf4 Nc6 7. e3 Be7 8. Ne5
Nd7 9. Nf3 a6 10. Rc1 O-O 11. Bd3 Re8 12. O-O Bf6 13. Bb1 Nb6 14. Qe2 Bd7 15.
Rfd1 Rc8 16. e4 Nxd4 17. Nxd4 e5 18. Qd3 g6 19. Be3 1/2-1/2

[Event "21st Chicago Open"]
[Site "Wheeling USA"]
[Date "2012.05.25"]
[Round "3"]
[White "Ramirez, Alejandro"]
[Black "Managadze, Nikoloz"]
[Result "1-0"]
[WhiteTitle "GM"]
[BlackTitle "IM"]
[WhiteElo "2593"]
[BlackElo "2472"]
[WhiteFideId "6500617"]
[BlackFideId "13600575"]
[EventDate "2012.05.24"]
[EventType "swiss"]

1. d4 d5 2. c4 e6 3. Nc3 Be7 4. cxd5 exd5 5. Bf4 c6 6. e3 Bf5 7. Nge2 Nd7 8. h3
Ngf6 9. g4 Bg6 10. Ng3 Qb6 11. Qe2 Ne4 12. Ngxe4 dxe4 13. Bg2 Nf6 14. Be5 O-O-O
15. O-O h5 16. g5 Nd5 17. Nxe4 f6 18. gxf6 gxf6 19. Bh2 Rdg8 20. Kh1 Bf5 21. Qf3
Bd7 22. Nc3 Rg5 23. Nxd5 Rxd5 24. Qg3 Rd6 25. Qg7 Re8 26. Bxd6 Bxd6 27. Qxf6 Bb8
28. d5 Be5 29. Qg6 Kc7 30. dxc6 bxc6 31. Rfd1 Re7 32. Rac1 c5 33. Qxb6+ axb6 34.
b4 Bb2 35. Rb1 Ba3 36. bxc5 Bxc5 37. Rd5 Be6 38. Rxh5 Bxa2 39. Ra1 Bf7 40. Ra7+
Kd6 41. Rh6+ Re6 42. Rxe6+ Bxe6 43. h4 b5 44. Ra6+ Ke7 45. h5 b4 46. Be4 b3 47.
h6 Bb4 48. h7 Bc3 49. Ra7+ Kd6 50. Ra8 1-0